[Event "Bled ol (Men)"]
[Site "Bled"]
[Date "2002.11.02"]
[Round "8.3"]
[White "Wohl, Aleksandar H"]
[Black "Delgado Ramirez, Neuris"]
[Result "1/2-1/2"]
[WhiteElo "2422"]
[BlackElo "2539"]
[PlyCount "103"]
[EventDate "2002.10.26"]
[EventType "team-swiss"]
[EventRounds "14"]
[EventCountry "SLO"]
[SourceTitle "EXT 2003"]
[Source "ChessBase"]
[SourceDate "2002.11.25"]
[SourceVersion "1"]
[SourceVersionDate "2002.11.25"]
[SourceQuality "1"]
[WhiteTeam "Australia"]
[BlackTeam "Cuba"]
[WhiteTeamCountry "AUS"]
[BlackTeamCountry "CUB"]

1. e4 c5 2. Nf3 d6 3. d4 cxd4 4. Nxd4 Nf6 5. Nc3 a6 6. Qf3 e6 7. g4 Nc6 8. Nxc6
bxc6 9. g5 Nd7 10. h4 Be7 11. b3 a5 12. Bb2 O-O 13. O-O-O Nc5 14. Ne2 a4 15. b4
Nd7 16. Qc3 e5 17. a3 Ba6 18. f4 c5 19. bxc5 Rc8 20. fxe5 Rxc5 21. Qd4 Rxe5 22.
Nf4 Bxf1 23. Rhxf1 Nc5 24. Rfe1 Qc8 25. Kb1 Qg4 26. Nd5 Bd8 27. Ne3 Qc8 28. Nc4
Ne6 29. Qd3 Rc5 30. Nxd6 Qb8 31. Qa6 Ba5 32. Re3 Bc3 33. Rxc3 Rxc3 34. Nxf7 Qc8
35. Qxc8 Rcxc8 36. Nd6 Rcd8 37. e5 Rf4 38. h5 Nxg5 39. h6 gxh6 40. Rh1 Nf7 41.
Nxf7 Kxf7 42. Rxh6 Kg7 43. Rb6 Rd1+ 44. Ka2 Re4 45. e6+ Kg6 46. e7+ Kf7 47.
Rf6+ Kxe7 48. Rh6 Rd2 49. Rxh7+ Kd6 50. Rh6+ Kd5 51. Rh5+ Kc4 52. Ra5 1/2-1/2

[Event "Bled ol (Men)"]
[Site "Bled"]
[Date "2002.11.05"]
[Round "10.4"]
[White "Delgado Ramirez, Neuris"]
[Black "Van Beers, Eddy"]
[Result "1-0"]
[WhiteElo "2539"]
[BlackElo "2331"]
[PlyCount "65"]
[EventDate "2002.10.26"]
[EventType "team-swiss"]
[EventRounds "14"]
[EventCountry "SLO"]
[SourceTitle "EXT 2003"]
[Source "ChessBase"]
[SourceDate "2002.11.25"]
[SourceVersion "1"]
[SourceVersionDate "2002.11.25"]
[SourceQuality "1"]
[WhiteTeam "Cuba"]
[BlackTeam "Belgium"]
[WhiteTeamCountry "CUB"]
[BlackTeamCountry "BEL"]

1. e4 c5 2. Nf3 d6 3. Bb5+ Nd7 4. c3 Ngf6 5. Qe2 a6 6. Ba4 b5 7. Bc2 Bb7 8. O-O
e6 9. d4 Be7 10. Nbd2 cxd4 11. cxd4 Rc8 12. Bd3 Nb6 13. b3 O-O 14. Ba3 d5 15.
Bxe7 Qxe7 16. e5 Nfd7 17. Qe3 f5 18. exf6 gxf6 19. Rae1 Rfe8 20. Nh4 Qf7 21.
Qh3 Nf8 22. Re3 Kh8 23. Rg3 Qh5 24. f4 Nbd7 25. Re1 Re7 26. Nf5 Qxh3 27. Rxh3
Rg7 28. Nxg7 Kxg7 29. g4 Rc6 30. Rhe3 Kf7 31. Nf3 Bc8 32. f5 Nb8 33. Nh4 1-0

[Event "Bled ol (Men)"]
[Site "Bled"]
[Date "2002.11.06"]
[Round "11.3"]
[White "Asrian, Karen"]
[Black "Delgado Ramirez, Neuris"]
[Result "1-0"]
[WhiteElo "2597"]
[BlackElo "2539"]
[PlyCount "95"]
[EventDate "2002.10.26"]
[EventType "team-swiss"]
[EventRounds "14"]
[EventCountry "SLO"]
[SourceTitle "EXT 2003"]
[Source "ChessBase"]
[SourceDate "2002.11.25"]
[SourceVersion "1"]
[SourceVersionDate "2002.11.25"]
[SourceQuality "1"]
[WhiteTeam "Armenia"]
[BlackTeam "Cuba"]
[WhiteTeamCountry "ARM"]
[BlackTeamCountry "CUB"]

1. e4 c5 2. Nf3 d6 3. d4 cxd4 4. Nxd4 Nf6 5. Nc3 a6 6. Be2 e5 7. Nb3 Be7 8. O-O
O-O 9. Be3 Be6 10. Nd5 Nbd7 11. Qd3 Bxd5 12. exd5 Nb6 13. c4 Na4 14. Nd2 Nc5
15. Qc2 a5 16. Nb1 Nfd7 17. Nc3 Bg5 18. Bxg5 Qxg5 19. Nb5 Qe7 20. b3 f5 21. a3
a4 22. b4 Nb3 23. Rad1 Rac8 24. Qc3 Qf6 25. Qe3 b6 26. f4 Rce8 27. Bd3 Nd4 28.
Nxd4 exd4 29. Qf2 Re3 30. Qc2 Qg6 31. Rd2 Qh5 32. Qxa4 Nf6 33. Qd1 Qg6 34. c5
bxc5 35. bxc5 dxc5 36. Qc2 Nd7 37. a4 Qb6 38. Rb1 Qd6 39. a5 Qxf4 40. Rf1 Qd6
41. Bxf5 g6 42. Be6+ Kg7 43. Rdf2 d3 44. Qb2+ Re5 45. Rf7+ Rxf7 46. Rxf7+ Kh6
47. Qd2+ g5 48. Rxd7 1-0

[Event "Bled ol (Men)"]
[Site "Bled"]
[Date "2002.11.07"]
[Round "12.4"]
[White "Gengler, Pierre"]
[Black "Delgado Ramirez, Neuris"]
[Result "0-1"]
[WhiteElo "2154"]
[BlackElo "2539"]
[PlyCount "77"]
[EventDate "2002.10.26"]
[EventType "team-swiss"]
[EventRounds "14"]
[EventCountry "SLO"]
[SourceTitle "EXT 2003"]
[Source "ChessBase"]
[SourceDate "2002.11.25"]
[SourceVersion "1"]
[SourceVersionDate "2002.11.25"]
[SourceQuality "1"]
[WhiteTeam "Luxembourg"]
[BlackTeam "Cuba"]
[WhiteTeamCountry "LUX"]
[BlackTeamCountry "CUB"]

1. e4 c5 2. Nf3 d6 3. d4 cxd4 4. Nxd4 Nf6 5. Nc3 a6 6. Bd3 e5 7. Nde2 Be7 8.
O-O O-O 9. Kh1 Nc6 10. a4 Be6 11. f4 exf4 12. Nxf4 Ne5 13. Nfd5 Bxd5 14. Nxd5
Nxd5 15. exd5 Bg5 16. Qh5 h6 17. Bxg5 Qxg5 18. Qxg5 hxg5 19. Ra3 Rac8 20. Rb3
Rc7 21. Rb6 Rd8 22. Kg1 Kf8 23. Rd1 Nd7 24. Rb4 Re8 25. Rd4 Re5 26. c4 a5 27.
b4 axb4 28. Rb1 Nc5 29. Rxb4 Re1+ 30. Kf2 Rce7 31. Bb1 Rc1 32. h4 Ree1 33. Bd3
Red1 34. Ke2 gxh4 35. Rxh4 Rxd3 36. Rh8+ Ke7 37. Rxb7+ Nxb7 38. Kxd3 Nc5+ 39.
Kd4 0-1

[Event "Bled ol (Men)"]
[Site "Bled"]
[Date "2002.11.08"]
[Round "13.3"]
[White "Sammalvuo, Tapani"]
[Black "Delgado Ramirez, Neuris"]
[Result "1/2-1/2"]
[WhiteElo "2437"]
[BlackElo "2539"]
[PlyCount "92"]
[EventDate "2002.10.26"]
[EventType "team-swiss"]
[EventRounds "14"]
[EventCountry "SLO"]
[SourceTitle "EXT 2003"]
[Source "ChessBase"]
[SourceDate "2002.11.25"]
[SourceVersion "1"]
[SourceVersionDate "2002.11.25"]
[SourceQuality "1"]
[WhiteTeam "Finland"]
[BlackTeam "Cuba"]
[WhiteTeamCountry "FIN"]
[BlackTeamCountry "CUB"]

1. e4 c5 2. Nf3 d6 3. Bb5+ Nd7 4. d4 cxd4 5. Qxd4 e5 6. Qd3 Be7 7. Nc3 a6 8.
Bxd7+ Bxd7 9. Nd5 Nf6 10. Nxf6+ gxf6 11. Nh4 Rg8 12. O-O Rc8 13. Re1 Qc7 14. c3
Qc6 15. Qf3 Bg4 16. Qg3 Kd7 17. h3 Bh5 18. Qd3 Qc4 19. Qxc4 Rxc4 20. g4 Bg6 21.
f3 h5 22. Ng2 hxg4 23. hxg4 Bd8 24. Ne3 Bb6 25. Kf1 Bxe3 26. Rxe3 Rgc8 27. Bd2
Rh8 28. Be1 b5 29. Rd1 Rc6 30. b3 Rh2 31. Rd2 Rxd2 32. Bxd2 d5 33. Kf2 dxe4 34.
fxe4 Ke6 35. Be1 Rc8 36. Kf3 Rd8 37. Ke2 Rc8 38. Kf3 Rd8 39. Ke2 Rh8 40. Kf3
Rh1 41. Kg2 Rh8 42. Kf3 Rh3+ 43. Bg3 Rh1 44. Re1 Rh3 45. Re3 Rh1 46. Re1 Rh3
1/2-1/2

[Event "Bled ol (Men)"]
[Site "Bled"]
[Date "2002.11.10"]
[Round "14.4"]
[White "Delgado Ramirez, Neuris"]
[Black "Jenni, Florian"]
[Result "0-1"]
[WhiteElo "2539"]
[BlackElo "2483"]
[PlyCount "116"]
[EventDate "2002.10.26"]
[EventType "team-swiss"]
[EventRounds "14"]
[EventCountry "SLO"]
[SourceTitle "EXT 2003"]
[Source "ChessBase"]
[SourceDate "2002.11.25"]
[SourceVersion "1"]
[SourceVersionDate "2002.11.25"]
[SourceQuality "1"]
[WhiteTeam "Cuba"]
[BlackTeam "Switzerland"]
[WhiteTeamCountry "CUB"]
[BlackTeamCountry "SUI"]

1. e4 e5 2. Nf3 Nc6 3. Bb5 a6 4. Ba4 Nf6 5. Qe2 b5 6. Bb3 Bc5 7. d3 O-O 8. c3
d5 9. Bg5 dxe4 10. dxe4 h6 11. Bh4 Qd6 12. Bxf6 Qxf6 13. Nbd2 Nd8 14. O-O Bg4
15. a4 c6 16. Ba2 Ne6 17. Bxe6 fxe6 18. b4 Bb6 19. axb5 cxb5 20. c4 Bd4 21. Ra3
a5 22. Rxa5 Rxa5 23. bxa5 b4 24. c5 Qe7 25. Rc1 Bc3 26. h3 Bxf3 27. Nxf3 Qxc5
28. Qa2 Qd6 29. Qa4 Rc8 30. Qb3 Ra8 31. Qa4 Kh7 32. Qb5 Qa6 33. Qd7 Qxa5 34.
Qxe6 Qa6 35. Qd5 Qa2 36. Qd7 Rf8 37. Qc6 Rf6 38. Qc8 Bd4 39. Rf1 Qe2 40. Qg4
Qc4 41. Rd1 Rf4 42. Qd7 Qe2 43. Rf1 Qxe4 44. Nxd4 exd4 45. g3 Rf5 46. Rd1 Rd5
47. Qg4 Qxg4 48. hxg4 b3 49. Rb1 Rb5 50. Rb2 Kg6 51. Kf1 Kf6 52. Ke2 Ke5 53.
Kd3 Kd5 54. f3 Rb8 55. f4 Re8 56. Rxb3 Re3+ 57. Kc2 Rxb3 58. Kxb3 Ke4 0-1

[Event "Santa Clara Salado Cup-A"]
[Site "Santa Clara"]
[Date "2003.02.03"]
[Round "1"]
[White "Fernandez Cardoso, Alexey"]
[Black "Delgado Ramirez, Neuris"]
[Result "0-1"]
[WhiteElo "2373"]
[BlackElo "2526"]
[PlyCount "60"]
[EventDate "2003.02.03"]
[EventType "tourn"]
[EventRounds "13"]
[EventCountry "CUB"]
[EventCategory "1"]
[SourceTitle "EXT 2004"]
[Source "ChessBase"]
[SourceDate "2003.11.25"]
[SourceVersion "1"]
[SourceVersionDate "2003.11.25"]
[SourceQuality "1"]

1. e4 c5 2. Nf3 d6 3. d4 cxd4 4. Nxd4 Nf6 5. Nc3 Nc6 6. Bg5 Qa5 7. Bxf6 gxf6 8.
Qd2 Bd7 9. O-O-O Nxd4 10. Qxd4 Rc8 11. Kb1 Qc5 12. Qd2 Bg7 13. f4 f5 14. e5 O-O
15. g4 fxg4 16. Ne4 Qb6 17. h3 Bf5 18. Bd3 dxe5 19. hxg4 exf4 20. c3 Bg6 21.
Ka1 Qe3 22. Qc2 Rfd8 23. Nf2 b5 24. Rhe1 Qc5 25. Ne4 Qc6 26. Ng5 Rxd3 27. Rxd3
b4 28. Qb3 bxc3 29. Red1 cxb2+ 30. Kb1 Qc1+ 0-1

[Event "Santa Clara Salado Cup-A"]
[Site "Santa Clara"]
[Date "2003.02.05"]
[Round "3"]
[White "Delgado Ramirez, Neuris"]
[Black "Garcia Gomez, Ray"]
[Result "1-0"]
[WhiteElo "2526"]
[BlackElo "2198"]
[PlyCount "91"]
[EventDate "2003.02.03"]
[EventType "tourn"]
[EventRounds "13"]
[EventCountry "CUB"]
[EventCategory "1"]
[SourceTitle "EXT 2004"]
[Source "ChessBase"]
[SourceDate "2003.11.25"]
[SourceVersion "1"]
[SourceVersionDate "2003.11.25"]
[SourceQuality "1"]

1. e4 c5 2. Nf3 Nc6 3. Bb5 e6 4. Bxc6 bxc6 5. d3 Ne7 6. h4 f6 7. h5 e5 8. c4 d6
9. Be3 Rb8 10. Qc2 Be6 11. Nc3 Nc8 12. Nh4 Nb6 13. b3 Na8 14. f4 exf4 15. Bd2
Nc7 16. Ne2 g5 17. hxg6 hxg6 18. O-O-O g5 19. Nf5 Rxh1 20. Rxh1 Bxf5 21. exf5
Qd7 22. d4 Kf7 23. Qd3 Ne8 24. g3 fxg3 25. Nxg3 Ng7 26. Rh6 d5 27. Bxg5 fxg5
28. f6 Ke8 29. fxg7 Bxg7 30. Nh5 Bxd4 31. Qg6+ Kd8 32. Rh7 Qxh7 33. Qxh7 dxc4
34. Qxa7 Rb4 35. bxc4 Rxc4+ 36. Kd1 Rc3 37. Ng3 Rf3 38. Ne4 g4 39. Qb8+ Ke7 40.
Qd6+ Ke8 41. Qxc6+ Kd8 42. Qd6+ Kc8 43. Qe6+ Kc7 44. Qxg4 Re3 45. Qf4+ Kc6 46.
a4 1-0

[Event "Santa Clara Salado Cup-A"]
[Site "Santa Clara"]
[Date "2003.02.05"]
[Round "4"]
[White "Huerta, Dayron"]
[Black "Delgado Ramirez, Neuris"]
[Result "0-1"]
[WhiteElo "2278"]
[BlackElo "2526"]
[PlyCount "72"]
[EventDate "2003.02.03"]
[EventType "tourn"]
[EventRounds "13"]
[EventCountry "CUB"]
[EventCategory "1"]
[SourceTitle "EXT 2004"]
[Source "ChessBase"]
[SourceDate "2003.11.25"]
[SourceVersion "1"]
[SourceVersionDate "2003.11.25"]
[SourceQuality "1"]

1. e4 c5 2. Nc3 a6 3. f4 b5 4. Nf3 Bb7 5. Qe2 Nc6 6. g3 Nd4 7. Nxd4 cxd4 8. Nd1
Rc8 9. d3 e6 10. Bg2 Bb4+ 11. c3 dxc3 12. bxc3 Rxc3 13. O-O Rc8 14. Bb2 Bc5+
15. Kh1 Nf6 16. g4 O-O 17. g5 Ne8 18. d4 Be7 19. Ne3 Nd6 20. d5 Nc4 21. Nxc4
Rxc4 22. f5 exf5 23. Rxf5 g6 24. Rf6 Qc8 25. Qf3 Rc2 26. d6 Bxf6 27. Qxf6 Rxb2
28. Qxb2 Re8 29. Re1 Qc5 30. Qf6 Qb4 31. Rf1 Qc4 32. e5 Bxg2+ 33. Kxg2 Qxa2+
34. Kg3 Qd5 35. Kh4 b4 36. Rf4 a5 0-1

[Event "Santa Clara Salado Cup-A"]
[Site "Santa Clara"]
[Date "2003.02.07"]
[Round "6"]
[White "Gonzalez Mena, Jorge"]
[Black "Delgado Ramirez, Neuris"]
[Result "1/2-1/2"]
[WhiteElo "2251"]
[BlackElo "2526"]
[PlyCount "98"]
[EventDate "2003.02.03"]
[EventType "tourn"]
[EventRounds "13"]
[EventCountry "CUB"]
[EventCategory "1"]
[SourceTitle "EXT 2004"]
[Source "ChessBase"]
[SourceDate "2003.11.25"]
[SourceVersion "1"]
[SourceVersionDate "2003.11.25"]
[SourceQuality "1"]

1. e4 e5 2. Nf3 Nc6 3. d4 exd4 4. Nxd4 Bb4+ 5. c3 Be7 6. Bc4 Nf6 7. Nxc6 dxc6
8. Qxd8+ Bxd8 9. f3 Nd7 10. Bf4 Nc5 11. Nd2 Bd7 12. O-O-O Ne6 13. Be3 Be7 14.
f4 Nc5 15. Nb3 Nxe4 16. Bxf7+ Kxf7 17. Rxd7 Rac8 18. Re1 Nf6 19. Bc5 Nxd7 20.
Rxe7+ Kg6 21. Rxd7 Rhd8 22. f5+ Kxf5 23. Rxg7 Rg8 24. g4+ Kf4 25. Rxh7 Rxg4 26.
Rxc7 Rxc7 27. Bd6+ Ke3 28. Bxc7 Rg1+ 29. Kc2 Rg2+ 30. Kb1 Rg1+ 31. Kc2 Rg2+ 32.
Kb1 Rg1+ 33. Nc1 c5 34. a4 Rf1 35. Bd8 c4 36. Bg5+ Ke4 37. Ka2 Rf2 38. h4 Rh2
39. a5 Kd5 40. Ka3 Kc5 41. Na2 Kb5 42. Nb4 Rh1 43. Ka2 Kxa5 44. Nd5 Ka4 45. Be3
b6 46. Bg5 Rh2 47. Nf6 Rh1 48. Nd5 Rh2 49. Nf6 Rh1 1/2-1/2

[Event "Santa Clara Salado Cup-A"]
[Site "Santa Clara"]
[Date "2003.02.07"]
[Round "7"]
[White "Delgado Ramirez, Neuris"]
[Black "Pozo Vera, Sandro"]
[Result "1/2-1/2"]
[WhiteElo "2526"]
[BlackElo "2281"]
[PlyCount "112"]
[EventDate "2003.02.03"]
[EventType "tourn"]
[EventRounds "13"]
[EventCountry "CUB"]
[EventCategory "1"]
[SourceTitle "EXT 2004"]
[Source "ChessBase"]
[SourceDate "2003.11.25"]
[SourceVersion "1"]
[SourceVersionDate "2003.11.25"]
[SourceQuality "1"]

1. e4 e6 2. d4 d5 3. Nd2 c5 4. Ngf3 cxd4 5. Nxd4 Nf6 6. exd5 Qxd5 7. Nb5 Na6 8.
Nc3 Qd8 9. g3 Bd7 10. Bg2 Qc7 11. O-O Bc6 12. Nf3 Be7 13. Qe2 O-O 14. Nb5 Qb6
15. Nbd4 Be4 16. c3 Nc5 17. Rd1 Qa6 18. Qxa6 Nxa6 19. Bf1 Nc5 20. Ne5 h6 21. f3
Bh7 22. Be3 Rfd8 23. c4 Ncd7 24. Nxd7 Nxd7 25. Be2 a6 26. Nb3 Rac8 27. Na5 Rc7
28. Rac1 Rdc8 29. Kf2 Kf8 30. a3 Bf6 31. Rd2 b6 32. Nb3 Be7 33. Rcd1 Ke8 34.
Nc1 a5 35. Na2 a4 36. Nc3 Nc5 37. Nb5 Rb7 38. Rd6 Bc2 39. R1d2 Bg6 40. Bxc5
Rxc5 41. Ke3 Rc8 42. f4 Kf8 43. Rd7 Bc5+ 44. Kf3 Rxd7 45. Rxd7 f5 46. Kg2 Be8
47. Rd3 Ke7 48. Kf1 Bxb5 49. cxb5 Rd8 50. Rxd8 Kxd8 51. Bd1 Bd4 52. Bxa4 Bxb2
53. Bb3 Ke7 54. a4 Bc3 55. Ke2 Kd6 56. h4 e5 1/2-1/2

[Event "Santa Clara Salado Cup-A"]
[Site "Santa Clara"]
[Date "2003.02.09"]
[Round "9"]
[White "Delgado Ramirez, Neuris"]
[Black "Martinez Duany, Lelys Stanley"]
[Result "1-0"]
[WhiteElo "2526"]
[BlackElo "2282"]
[PlyCount "107"]
[EventDate "2003.02.03"]
[EventType "tourn"]
[EventRounds "13"]
[EventCountry "CUB"]
[EventCategory "1"]
[SourceTitle "EXT 2004"]
[Source "ChessBase"]
[SourceDate "2003.11.25"]
[SourceVersion "1"]
[SourceVersionDate "2003.11.25"]
[SourceQuality "1"]

1. e4 c5 2. Nf3 d6 3. Bb5+ Bd7 4. Bxd7+ Qxd7 5. c4 g6 6. O-O Bg7 7. d4 Nf6 8.
Nc3 cxd4 9. Nxd4 Nc6 10. Nde2 O-O 11. f3 a6 12. a4 Qd8 13. Rb1 Nd7 14. Bg5 Re8
15. Qd2 Nc5 16. b3 Na5 17. Qd1 Nc6 18. Kh1 a5 19. Nd5 h6 20. Bh4 Qb8 21. Qd2 b6
22. Bf2 Ra7 23. Nd4 Nd8 24. Nb5 Rd7 25. Bd4 Nc6 26. Bxg7 Kxg7 27. Qc3+ e5 28.
Rbe1 Ne7 29. Nxe7 Rexe7 30. f4 f6 31. f5 g5 32. Qf3 Kh7 33. Rd1 Rg7 34. Rd5 Qd8
35. Rfd1 Nb7 36. Qe3 Kh8 37. R1d2 Rg8 38. Qg1 Rgg7 39. Qd1 Qa8 40. h3 Rgf7 41.
Nxd6 Nxd6 42. Rxd6 Rxd6 43. Rxd6 Qxe4 44. Qh5 Kg7 45. Qg6+ Kf8 46. Rxf6 Qe1+
47. Kh2 Rxf6 48. Qxf6+ Ke8 49. Qe6+ Kd8 50. Qxb6+ Kc8 51. Qc6+ Kb8 52. Qf3 h5
53. f6 g4 54. Qg3 1-0

[Event "Santa Clara Salado Cup-A"]
[Site "Santa Clara"]
[Date "2003.02.10"]
[Round "10"]
[White "Espinosa Veloz, Ermes"]
[Black "Delgado Ramirez, Neuris"]
[Result "1/2-1/2"]
[WhiteElo "2265"]
[BlackElo "2526"]
[PlyCount "100"]
[EventDate "2003.02.03"]
[EventType "tourn"]
[EventRounds "13"]
[EventCountry "CUB"]
[EventCategory "1"]
[SourceTitle "EXT 2004"]
[Source "ChessBase"]
[SourceDate "2003.11.25"]
[SourceVersion "1"]
[SourceVersionDate "2003.11.25"]
[SourceQuality "1"]

1. e4 e5 2. Nf3 Nc6 3. Bb5 Nf6 4. O-O Nxe4 5. d4 Nd6 6. Bxc6 dxc6 7. dxe5 Nf5
8. Qxd8+ Kxd8 9. Nc3 Ke8 10. Bf4 h6 11. Rad1 Be6 12. a3 Rd8 13. h3 Be7 14. Rfe1
Rd7 15. Ne4 Rxd1 16. Rxd1 Bd5 17. Ned2 c5 18. c4 Be6 19. b3 Kd7 20. g4 Nd4 21.
Nb1 Kc6 22. Nxd4+ cxd4 23. Rxd4 a5 24. Bd2 b6 25. b4 axb4 26. axb4 h5 27. Na3
hxg4 28. hxg4 Kb7 29. Nc2 c5 30. bxc5 bxc5 31. Rd3 Bxg4 32. Rg3 Be6 33. Rxg7
Bxc4 34. Ne3 Be6 35. f4 Bf8 36. Rg2 Bb3 37. Rh2 Rxh2 38. Kxh2 c4 39. f5 Bc5 40.
e6 c3 41. Bxc3 Bxe3 42. exf7 Bxf7 43. Kg3 Kc6 44. Kf3 Bh6 45. Ke4 Bg5 46. Ke5
Kd7 47. f6 Bg6 48. Bb4 Bh4 49. Bd2 Bf2 50. Bc1 Bc5 1/2-1/2

[Event "Santa Clara Salado Cup-A"]
[Site "Santa Clara"]
[Date "2003.02.10"]
[Round "11"]
[White "Delgado Ramirez, Neuris"]
[Black "Corrales Jimenez, Fidel"]
[Result "1/2-1/2"]
[WhiteElo "2526"]
[BlackElo "2245"]
[PlyCount "79"]
[EventDate "2003.02.03"]
[EventType "tourn"]
[EventRounds "13"]
[EventCountry "CUB"]
[EventCategory "1"]
[SourceTitle "EXT 2004"]
[Source "ChessBase"]
[SourceDate "2003.11.25"]
[SourceVersion "1"]
[SourceVersionDate "2003.11.25"]
[SourceQuality "1"]

1. e4 c5 2. Nf3 Nc6 3. Bb5 g6 4. Bxc6 dxc6 5. d3 Bg7 6. Nc3 e5 7. h3 Qe7 8. Be3
Nf6 9. O-O Nd7 10. Qd2 h6 11. Nh2 Nf8 12. f4 exf4 13. Rxf4 Ne6 14. Rf2 Nd4 15.
Raf1 Be6 16. Ng4 Bxg4 17. hxg4 f6 18. Bxd4 cxd4 19. Ne2 O-O 20. Nf4 Kh7 21. Qe2
Rf7 22. Qf3 Qe5 23. Qh3 Raf8 24. Rf3 Qe8 25. Qh2 Re7 26. Ne2 Qd8 27. Nf4 Re5
28. Nh3 Kg8 29. Qg3 Qd7 30. Kh1 Kh7 31. Rf4 Qe6 32. b3 a5 33. a4 Rc5 34. R4f2
Qd7 35. Re2 Rf7 36. Rf4 Bf8 37. Qf2 Kg7 38. Rf3 Re5 39. Qh4 Be7 40. Qg3 1/2-1/2

[Event "Santa Clara Salado Cup-A"]
[Site "Santa Clara"]
[Date "2003.02.11"]
[Round "12"]
[White "Alvarez Pedraza, Aramis"]
[Black "Delgado Ramirez, Neuris"]
[Result "1-0"]
[WhiteElo "2233"]
[BlackElo "2526"]
[PlyCount "109"]
[EventDate "2003.02.03"]
[EventType "tourn"]
[EventRounds "13"]
[EventCountry "CUB"]
[EventCategory "1"]
[SourceTitle "EXT 2004"]
[Source "ChessBase"]
[SourceDate "2003.11.25"]
[SourceVersion "1"]
[SourceVersionDate "2003.11.25"]
[SourceQuality "1"]

1. e4 c5 2. Nf3 d6 3. d4 cxd4 4. Nxd4 Nf6 5. Nc3 a6 6. f3 e5 7. Nb3 Be7 8. Be3
O-O 9. Qd2 Be6 10. O-O-O Qc7 11. g4 Nbd7 12. Nd5 Bxd5 13. exd5 Nb6 14. Bxb6
Qxb6 15. h4 Qc7 16. Kb1 Nd7 17. f4 exf4 18. g5 Ne5 19. Nd4 Rfe8 20. Qxf4 Qc5
21. Nb3 Qc7 22. Nd4 Qc5 23. Bh3 Bf8 24. h5 Qxd5 25. Bf5 g6 26. hxg6 hxg6 27.
Qh4 Bg7 28. Qh7+ Kf8 29. Ne6+ Qxe6 30. Bxe6 Rxe6 31. Qh4 b5 32. Qe4 Rae8 33.
Rh7 Nc4 34. Qh1 Bxb2 35. a3 Re3 36. Qh6+ Kg8 37. Rh1 Re1+ 38. Ka2 Rxh1 39. Qxh1
Bg7 40. Rh3 Ne5 41. Qb7 Bf8 42. Qxa6 Be7 43. Rg3 d5 44. Qxb5 Rd8 45. a4 Nc4 46.
a5 Nd6 47. Qxd5 Nf5 48. Qb7 Nxg3 49. Qxe7 Ra8 50. Qe5 Nf5 51. Kb3 Ng7 52. Qd5
Rb8+ 53. Ka2 Ne6 54. a6 Rb4 55. Qa5 1-0

[Event "Santa Clara Salado Cup-A"]
[Site "Santa Clara"]
[Date "2003.02.12"]
[Round "13"]
[White "Delgado Ramirez, Neuris"]
[Black "Ruiz Sanchez, Orlen"]
[Result "1/2-1/2"]
[WhiteElo "2526"]
[BlackElo "2216"]
[PlyCount "20"]
[EventDate "2003.02.03"]
[EventType "tourn"]
[EventRounds "13"]
[EventCountry "CUB"]
[EventCategory "1"]
[SourceTitle "EXT 2004"]
[Source "ChessBase"]
[SourceDate "2003.11.25"]
[SourceVersion "1"]
[SourceVersionDate "2003.11.25"]
[SourceQuality "1"]

1. e4 e5 2. Nf3 d6 3. d4 f5 4. exf5 e4 5. Ng5 Bxf5 6. g4 Bd7 7. Nxe4 Qe7 8. Qe2
d5 9. Nc5 Bxg4 10. Qxe7+ Nxe7 1/2-1/2

[Event "Capablanca Memorial Premier I 38th"]
[Site "Havana"]
[Date "2003.05.06"]
[Round "1"]
[White "Ramirez, Alejandro"]
[Black "Delgado Ramirez, Neuris"]
[Result "1/2-1/2"]
[WhiteElo "2421"]
[BlackElo "2508"]
[PlyCount "110"]
[EventDate "2003.05.06"]
[EventType "tourn"]
[EventRounds "13"]
[EventCountry "CUB"]
[EventCategory "8"]
[SourceTitle "CBM 094 Extra"]
[Source "ChessBase"]
[SourceDate "2003.07.09"]
[SourceVersion "2"]
[SourceVersionDate "2003.07.09"]
[SourceQuality "1"]

1. d4 Nf6 2. c4 e6 3. Nc3 Bb4 4. Qc2 O-O 5. Nf3 d6 6. e4 e5 7. d5 Bxc3+ 8. bxc3
Nbd7 9. Bd3 Nc5 10. Be3 b6 11. O-O Qe8 12. Bxc5 bxc5 13. Nh4 Rb8 14. Rfb1 Rxb1+
15. Rxb1 Nd7 16. a4 g6 17. a5 Ba6 18. g3 Nf6 19. f4 exf4 20. gxf4 c6 21. Re1
cxd5 22. cxd5 c4 23. Bf1 Qd8 24. Qf2 Qxa5 25. Qxa7 Qxc3 26. Ng2 Bc8 27. Re3 Qb2
28. Re2 Qb4 29. Qd4 Qc5 30. Qxc5 dxc5 31. d6 c3 32. Ne1 Re8 33. e5 Nd5 34. Re4
Bf5 35. Rc4 g5 36. Rxc5 Nxf4 37. Rxc3 Rxe5 38. Nf3 Rd5 39. Nxg5 Bg6 40. Nh3
Nxh3+ 41. Bxh3 Rxd6 42. Kf2 Rd2+ 43. Kg3 Kg7 44. Rf3 Rd5 45. Bf1 h5 46. h4 f5
47. Bc4 Rd4 48. Rf4 Rd6 49. Be2 Kf6 50. Ra4 Bf7 51. Kf4 Rd2 52. Ra6+ Be6 53.
Bxh5 Rd4+ 54. Kg3 Ke5 55. Ra5+ Bd5 1/2-1/2

[Event "Capablanca Memorial Premier I 38th"]
[Site "Havana"]
[Date "2003.05.07"]
[Round "2"]
[White "Delgado Ramirez, Neuris"]
[Black "Vilela de Acuna, Jose Luis"]
[Result "1/2-1/2"]
[WhiteElo "2508"]
[BlackElo "2390"]
[PlyCount "61"]
[EventDate "2003.05.06"]
[EventType "tourn"]
[EventRounds "13"]
[EventCountry "CUB"]
[EventCategory "8"]
[SourceTitle "CBM 094 Extra"]
[Source "ChessBase"]
[SourceDate "2003.07.09"]
[SourceVersion "2"]
[SourceVersionDate "2003.07.09"]
[SourceQuality "1"]

1. e4 c6 2. Nc3 d5 3. Nf3 Bg4 4. h3 Bxf3 5. Qxf3 e6 6. Be2 Nf6 7. O-O dxe4 8.
Nxe4 Nxe4 9. Qxe4 Nd7 10. d4 Nf6 11. Qe3 Bd6 12. c4 O-O 13. Rd1 Qe7 14. b3 Ba3
15. Bd2 Rfd8 16. Rab1 Bb4 17. Bf3 Bxd2 18. Rxd2 Rd7 19. Rbd1 h6 20. g3 Qb4 21.
Kg2 a5 22. h4 a4 23. g4 axb3 24. axb3 Ra5 25. Be2 Nh7 26. c5 Ra3 27. Bc4 b5 28.
cxb6 Ra5 29. Rc2 Qxb6 30. Be2 Nf6 31. Qc3 1/2-1/2

[Event "Capablanca Memorial Premier I 38th"]
[Site "Havana"]
[Date "2003.05.08"]
[Round "3"]
[White "Fernando, Diogo"]
[Black "Delgado Ramirez, Neuris"]
[Result "0-1"]
[WhiteElo "2438"]
[BlackElo "2508"]
[PlyCount "66"]
[EventDate "2003.05.06"]
[EventType "tourn"]
[EventRounds "13"]
[EventCountry "CUB"]
[EventCategory "8"]
[SourceTitle "CBM 094 Extra"]
[Source "ChessBase"]
[SourceDate "2003.07.09"]
[SourceVersion "2"]
[SourceVersionDate "2003.07.09"]
[SourceQuality "1"]

1. e4 c5 2. Nc3 Nc6 3. Nge2 d6 4. d4 cxd4 5. Nxd4 Nf6 6. Bc4 e6 7. Be3 Be7 8.
Qe2 O-O 9. O-O-O Bd7 10. Bb3 Qb8 11. Rhg1 Nxd4 12. Bxd4 b5 13. e5 dxe5 14. Bxe5
Qb7 15. g4 Bc6 16. Rd3 Nd7 17. Bd6 Nc5 18. Bxc5 Bxc5 19. g5 Rfe8 20. Re1 a5 21.
a4 bxa4 22. Bxa4 Bxa4 23. Nxa4 Bb4 24. Red1 Qb5 25. b3 Qxg5+ 26. Kb1 Rab8 27.
Rd7 g6 28. Ka2 Rbc8 29. Nb6 Rc5 30. Na4 Rf5 31. Rc7 Qg2 32. Rdd7 Bf8 33. Qc4
Rxf2 0-1